000
00302nam a22001457a 4500
003
SGT
082
_a
616.07
_b
A14D
100
_a
DAMJANOV, IVAN
245
_a
ANDERSON'S PATHOLOGY
250
_a
10TH
260
_a
INDIA
_b
ELSEVIER
_c
2014
300
_a
1559
650
_a
PATHOLOGY
942
_2
ddc
_c
BK
999
_c
13764
_d
13764